000 01030nam a2200217Ii 4500
003 JO-AjNU
008 230605s9999||||xx |||||||||||||| ||und||
017 _a1993/8/940
040 _aJO-AjNU
_bara
_erda
_cJO-AjNU
041 _aara
050 1 4 _aKMM49.H35.1993
100 3 _a الحكيم ، عبد المجيد,
_eauthor
_916129
245 0 0 _aالكافي في شرح القانون المدني الأردني والقانون المدني العراقي والقانون المدني اليمني في الالتزامات والحقوق الشخصية / الجزء الأول في مصادر الالتزام
250 _aط1
264 3 1 _aعمان : عبد المجيد حكيم ، 1993
300 _a491ص
336 _atext
_btxt
_2rdacontent
337 _aunmediated
_bn
_2rdamedia
338 _avolume
_bnc
_2rdacarrier
650 4 _aالالتزامات -- قوانين وتشريعات -- الاردن - العراق - اليمن -- القانون المدني -- الاردن - العراق - اليمن
_916130
999 _aA4711
_c8279
_d8279